000 00500nam a22001937a 4500
003 LK-CoDNM
005 20250107100112.0
008 250102b |||||||| |||| 00| 0 eng d
040 _aLK-CoDNM
_dLK-CoDNM
_eLK-CoDNM
041 _aeng
080 _a4
_bH18
100 _aP.E.P. Deraniyagala, M.A.
245 _aThe tetrapod Reptiles of Ceylon
_b-Vol.1
260 _aEngland
_bDulau & co. Ltd
_c1939
300 _bxxxii, 412p. : ill ; 26 cm
650 _aScience
650 _a1939
942 _cBK
999 _c235163
_d235163